Тонкоплёночные наноматериалы на основе двойных оксидов тантала (V) и лантана (III); Современные техника и технологии; Т. 3
| Parent link: | Современные техника и технологии: сборник трудов XVI Международной научно-практической конференции студентов, аспирантов и молодых ученых, Томск, 12-16 апреля 2010 г/ Национальный исследовательский Томский политехнический университет (ТПУ).— , 2010 Т. 3.— 2010.— [С. 335-336] |
|---|---|
| Yazar: | |
| Diğer Yazarlar: | |
| Özet: | Заглавие с титульного листа Электронная версия печатной публикации |
| Dil: | Rusça |
| Baskı/Yayın Bilgisi: |
2010
|
| Konular: | |
| Online Erişim: | http://www.lib.tpu.ru/fulltext/c/2010/C01/V1/158.pdf |
| Materyal Türü: | MixedMaterials Elektronik Kitap Bölümü |
| KOHA link: | https://koha.lib.tpu.ru/cgi-bin/koha/opac-detail.pl?biblionumber=236711 |
MARC
| LEADER | 00000naa2a2200000 4500 | ||
|---|---|---|---|
| 001 | 236711 | ||
| 005 | 20260420140757.0 | ||
| 035 | |a (RuTPU)RU\TPU\book\257877 | ||
| 035 | |a RU\TPU\book\257872 | ||
| 090 | |a 236711 | ||
| 100 | |a 20130429d2010 k y0rusy50 ca | ||
| 101 | 0 | |a rus | |
| 102 | |a RU | ||
| 135 | |a drnn ---uucaa | ||
| 181 | 0 | |a i | |
| 182 | 0 | |a b | |
| 200 | 1 | |a Тонкоплёночные наноматериалы на основе двойных оксидов тантала (V) и лантана (III) |f О. В. Лисеенко |g науч. рук. В. В. Козик | |
| 203 | |a Текст |c электронный | ||
| 215 | |a 1 файл (165 Кб) | ||
| 300 | |a Заглавие с титульного листа | ||
| 300 | |a Электронная версия печатной публикации | ||
| 337 | |a Adobe Reader | ||
| 461 | 1 | |0 (RuTPU)RU\TPU\book\245271 |t Современные техника и технологии |o сборник трудов XVI Международной научно-практической конференции студентов, аспирантов и молодых ученых, Томск, 12-16 апреля 2010 г |o в 3 т. |f Национальный исследовательский Томский политехнический университет (ТПУ) |d 2010 | |
| 463 | 1 | |0 (RuTPU)RU\TPU\book\255783 |t Т. 3 |v [С. 335-336] |d 2010 | |
| 610 | 1 | |a электронный ресурс | |
| 610 | 1 | |a оксиды тантала | |
| 610 | 1 | |a оксиды лантана | |
| 610 | 1 | |a тонкопленочные структуры | |
| 610 | 1 | |a наноматериалы | |
| 610 | 1 | |a двойные оксиды | |
| 610 | 1 | |a тонкие пленки | |
| 610 | 1 | |a подложки | |
| 610 | 1 | |a физико-химические свойства | |
| 610 | 1 | |a отжиг | |
| 610 | 1 | |a температурные режимы | |
| 610 | 1 | |a рельефы | |
| 610 | 1 | |a поверхности | |
| 700 | 1 | |a Лисеенко |b О. В. | |
| 702 | 1 | |a Козик |b В. В. |4 727 | |
| 801 | 1 | |a RU |b 63413507 |c 20130213 | |
| 801 | 2 | |a RU |b 63413507 |c 20130522 |g RCR | |
| 856 | 4 | |u http://www.lib.tpu.ru/fulltext/c/2010/C01/V1/158.pdf | |
| 942 | |c CF | ||